Pengangkutan darat : kesannya terhadap alam sekitar, kajian kes di Kuala Lumpur

Bibliographic Details
Corporate Author: Khairani Haji Alladin @ Jalaludin
Format: Book
Published: Kuala Lumpur : Dewan Bahasa dan Pustaka , 1993
Subjects:

MARC

LEADER 00000cam a2200000 7i4500
001 0000001165
005 20230131093000.0
008 021118s1993
020 |a 9836237321 
090 0 0 |a HE152.2   |b .K4 1993 
110 0 |a Khairani Haji Alladin @ Jalaludin 
245 0 0 |a Pengangkutan darat :   |b kesannya terhadap alam sekitar, kajian kes di Kuala Lumpur   |c Khairani bt. Haji Alladin @ Jalaludin 
260 2 |a Kuala Lumpur :   |b Dewan Bahasa dan Pustaka ,   |c 1993 
300 |a xvii, 190 ms. ; ;   |c 22 sm. 
504 |a Mengandungi bibliografi (ms. 181-186) dan indeks 
650 0 |a Transportation, Automative   |x Environmental aspects   |x Pollution   |z Wilayah Persekutuan   |x Case studies 
650 0 |a Traffic noise   |z Wilayah Persekutuan   |x Case studies 
650 0 |a Air   |x Pollution   |z Wilayah Persekutuan   |v Case studies 
999 |a 1000012447   |b Book   |c OPEN SHELF (30 DAYS)   |e Gong Badak Campus